| 000 | 01646nam a2200373 a 4500 | ||
|---|---|---|---|
| 001 | ebr10103781 | ||
| 003 | CaPaEBR | ||
| 006 | m u | ||
| 007 | cr cn||||||||| | ||
| 008 | 040421s2004 enka sb 001 0 eng | ||
| 010 | _z 2004044794 | ||
| 020 | _z1403941513 (cloth) | ||
| 040 |
_aCaPaEBR _cCaPaEBR |
||
| 035 | _a(OCoLC)559943138 | ||
| 043 | _ae------ | ||
| 050 | 1 | 4 |
_aHD5764.A6 _bD85 2004eb |
| 082 | 0 | 4 |
_a332.4/94 _222 |
| 100 | 1 | _aDullien, Sebastian. | |
| 245 | 1 | 4 |
_aThe interaction of monetary policy and wage bargaining in the European Monetary Union _h[electronic resource] : _blessons from the endogenous money approach / _cSebastian Dullien. |
| 260 |
_aHoundmills, Basingstoke, Hampshire ; _aNew York : _bPalgrave Macmillan, _c2004. |
||
| 300 |
_axiv, 276 p. : _bill. |
||
| 504 | _aIncludes bibliographical references (p. 258-269) and index. | ||
| 533 |
_aElectronic reproduction. _bPalo Alto, Calif. : _cebrary, _d2013. _nAvailable via World Wide Web. _nAccess may be limited to ebrary affiliated libraries. |
||
| 610 | 2 | 0 | _aEconomic and Monetary Union. |
| 650 | 0 |
_aUnemployment _zEuropean Union countries. |
|
| 650 | 0 |
_aInflation (Finance) _zEuropean Union countries. |
|
| 650 | 0 |
_aCollective bargaining _zEuropean Union countries. |
|
| 650 | 0 |
_aWages _zEuropean Union countries. |
|
| 650 | 0 |
_aMonetary policy _zEuropean Union countries. |
|
| 650 | 0 |
_aBanks and banking, Central _zEuropean Union countries. |
|
| 655 | 7 |
_aElectronic books. _2local |
|
| 710 | 2 | _aebrary, Inc. | |
| 856 | 4 | 0 |
_uhttp://site.ebrary.com/lib/rucke/Doc?id=10103781 _zAn electronic book accessible through the World Wide Web; click to view |
| 999 |
_c206439 _d206439 |
||